Introduction to lattice theory / (Record no. 2300)

MARC details
000 -LEADER
fixed length control field 00485nam a22001697a 4500
003 - CONTROL NUMBER IDENTIFIER
control field BD-DhJNU
005 - DATE AND TIME OF LATEST TRANSACTION
control field 20251022031426.0
008 - FIXED-LENGTH DATA ELEMENTS--GENERAL INFORMATION
fixed length control field 251022b |||||||| |||| 00| 0 eng d
040 ## - CATALOGING SOURCE
Original cataloging agency BD-DhJNU
Language of cataloging ENG
Transcribing agency BD-DhJNU
Modifying agency BD-DhJNU
082 ## - DEWEY DECIMAL CLASSIFICATION NUMBER
Edition number 23
Classification number 004.0151
100 ## - MAIN ENTRY--PERSONAL NAME
Personal name Rutherford, D.E.
245 ## - TITLE STATEMENT
Title Introduction to lattice theory /
Statement of responsibility, etc. D.E. Rutherford
260 ## - PUBLICATION, DISTRIBUTION, ETC.
Place of publication, distribution, etc. London :
Name of publisher, distributor, etc. Oliver & Boyd,
Date of publication, distribution, etc. 1965.
300 ## - PHYSICAL DESCRIPTION
Extent x, 115 p. :
Other physical details ill. ;
Dimensions 24 cm.
650 ## - SUBJECT ADDED ENTRY--TOPICAL TERM
Topical term or geographic name entry element Lattice Theory
942 ## - ADDED ENTRY ELEMENTS (KOHA)
Source of classification or shelving scheme Dewey Decimal Classification
Koha item type Books
Suppress in OPAC No
Holdings
Withdrawn status Lost status Source of classification or shelving scheme Damaged status Not for loan Collection Home library Current library Shelving location Date acquired Source of acquisition Total checkouts Full call number Barcode Date last seen Copy number Price effective from Koha item type
    Dewey Decimal Classification     Non-fiction Jagannath University Central Library Jagannath University Central Library General stacks 10/22/2025 Purchased   004.0151 RUI JNUCL36038 10/22/2025 1 10/22/2025 Books